[Event "Madrid ch - Previa A"]
[Site "Madrid ESP"]
[Date "2009.11.02"]
[Round "1.1"]
[White "Lopez Peral, Enrique"]
[Black "Spitzer Isbert, Ramon"]
[Result "1/2-1/2"]
[WhiteElo "1864"]
[BlackElo "2064"]
[PlyCount "133"]
[EventDate "2009.11.02"]
[EventType "swiss"]
[EventRounds "9"]
[EventCountry "ESP"]
[Source "lmi"]
[SourceDate "2009.11.02"]

1. e4 Nf6 2. Nc3 d6 3. d4 g6 4. Nf3 Bg7 5. Bb5+ c6 6. Bc4 b5 7. Bd3 O-O 8. O-O
Nbd7 9. Ne2 Bb7 10. c3 c5 11. Ng3 cxd4 12. cxd4 Rc8 13. Be3 Ng4 14. Bxb5 Ndf6
15. Bd3 Nxe3 16. fxe3 Qb6 17. Qd2 Bh6 18. h3 e5 19. Qf2 Rce8 20. Rfe1 exd4 21.
exd4 Re7 22. Re2 Rfe8 23. Rae1 Bf4 24. Kh1 Bxg3 25. Qxg3 Nxe4 26. Qf4 Nf2+ 27.
Rxf2 Rxe1+ 28. Nxe1 Rxe1+ 29. Kh2 Qc7 30. b3 Bd5 31. Bc4 Bxc4 32. Rc2 Re2 33.
Rxc4 Qb7 34. Qg4 Rxa2 35. Qc8+ Qxc8 36. Rxc8+ Kg7 37. Rc6 Rb2 38. Rxd6 Rxb3 39.
Ra6 Rb7 40. Kg3 Rd7 41. Kf3 Re7 42. d5 Kf8 43. g4 Rb7 44. Kf4 Ke7 45. h4 f6 46.
h5 Kf7 47. g5 fxg5+ 48. Kxg5 Rd7 49. hxg6+ hxg6 50. Rf6+ Ke7 51. Ra6 Rxd5+ 52.
Kf4 Rd7 53. Rxg6 Kd8 54. Ke4 Kc7 55. Ra6 Kb7 56. Rh6 a5 57. Rh5 Kb6 58. Rh1 a4
59. Rb1+ Kc5 60. Ke3 Kc4 61. Rc1+ Kb3 62. Rb1+ Kc3 63. Rc1+ Kb2 64. Rc8 Ka2 65.
Rb8 a3 66. Rb6 Ka1 67. Rb8 1/2-1/2

[Event "Madrid ch - Previa A"]
[Site "Madrid ESP"]
[Date "2009.11.02"]
[Round "1.2"]
[White "Alvarez Abejon, Amilcar"]
[Black "Maseda Iglesias, Luis"]
[Result "1-0"]
[WhiteElo "2063"]
[BlackElo "1839"]
[PlyCount "61"]
[EventDate "2009.11.02"]
[EventType "swiss"]
[EventRounds "9"]
[EventCountry "ESP"]
[Source "lmi"]
[SourceDate "2009.11.02"]

1. e4 e6 2. d4 d5 3. Nd2 dxe4 4. Nxe4 Bd7 5. Bd3 Bc6 6. Nf3 Nd7 7. O-O Ngf6 8.
Neg5 Bxf3 9. Qxf3 c6 10. Re1 Be7 11. Qh3 Nf8 12. c3 Qd7 13. f4 Nd5 14. f5 Bxg5
15. Bxg5 Nf6 16. Bc4 Nd5 17. Re4 Qd6 18. Rae1 f6 19. Rxe6+ Nxe6 20. Rxe6+ Qxe6
21. fxe6 fxg5 22. Bxd5 cxd5 23. Qh5+ g6 24. Qxg5 O-O 25. Qxd5 Rf5 26. Qxb7 Raf8
27. h3 Rf1+ 28. Kh2 Re1 29. d5 h5 30. e7 Rff1 31. Qc8+ 1-0

[Event "Madrid ch - Previa A"]
[Site "Madrid ESP"]
[Date "2009.11.02"]
[Round "1.3"]
[White "Pardiñas Riaño, Emilio"]
[Black "Cortes Jurado, Rafael"]
[Result "0-1"]
[WhiteElo "1838"]
[BlackElo "2062"]
[PlyCount "98"]
[EventDate "2009.11.02"]
[EventType "swiss"]
[EventRounds "9"]
[EventCountry "ESP"]
[Source "lmi"]
[SourceDate "2009.11.02"]

1. e4 c5 2. Nf3 e6 3. d4 cxd4 4. Nxd4 Nc6 5. Be2 Qc7 6. O-O Nf6 7. Nc3 a6 8.
Be3 Bb4 9. f3 O-O 10. a3 Be7 11. f4 d6 12. h3 b5 13. Qe1 Bb7 14. Bf3 Na5 15.
Rd1 Nc4 16. Bc1 Rac8 17. Kh1 Nxa3 18. bxa3 Qxc3 19. Rd3 Qxe1 20. Rxe1 Bd8 21.
e5 Bxf3 22. Nxf3 dxe5 23. fxe5 Nd5 24. Nd4 Bb6 25. Re2 Rfd8 26. Nf3 Rc4 27. Kh2
Rdc8 28. Ne1 h6 29. Bd2 Kh7 30. Rf3 R8c7 31. Rd3 Nc3 32. Bxc3 Rxc3 33. Red2 Ba5
34. Rd7 R3c5 35. Rxc7 Rxc7 36. Rd1 Bxe1 37. Rxe1 Rxc2 38. Re3 g5 39. Kg3 Kg6
40. Kf3 a5 41. Rb3 Rc5 42. Re3 b4 43. axb4 axb4 44. g4 Rc3 45. Rxc3 bxc3 46.
Ke3 f5 47. exf6 Kxf6 48. Kd3 Ke5 49. Kxc3 Kf4 0-1

[Event "Madrid ch - Previa A"]
[Site "Madrid ESP"]
[Date "2009.11.02"]
[Round "1.4"]
[White "Garcia Gutierrez, Jose"]
[Black "Franco Rincon, David"]
[Result "1/2-1/2"]
[WhiteElo "2053"]
[BlackElo "1824"]
[PlyCount "90"]
[EventDate "2009.11.02"]
[EventType "swiss"]
[EventRounds "9"]
[EventCountry "ESP"]
[Source "lmi"]
[SourceDate "2009.11.02"]

1. e4 e5 2. d4 exd4 3. f4 d5 4. e5 c5 5. Nf3 Nc6 6. b3 Nge7 7. Bd3 Bf5 8. O-O
Qd7 9. Qe2 Ng6 10. Ng5 Bxd3 11. cxd3 O-O-O 12. a3 Re8 13. b4 h6 14. e6 fxe6 15.
Qh5 hxg5 16. Qxg6 gxf4 17. Bxf4 Bd6 18. bxc5 Bxc5 19. Nd2 Bd6 20. Bxd6 Qxd6 21.
g3 Ne5 22. Qg5 Nxd3 23. Nf3 e5 24. Qf5+ Kb8 25. Qxd3 e4 26. Qxd4 exf3 27. Rxf3
Qe5 28. Qxe5+ Rxe5 29. Rd1 Rhe8 30. Kf1 R8e7 31. Rfd3 Rf7+ 32. Kg2 Rd7 33. h4
Kc7 34. Rd4 Kd6 35. Rc1 Rc7 36. Rb1 a6 37. Rg4 b5 38. a4 Rb7 39. Kf3 Rf7+ 40.
Rf4 Rb7 41. g4 Kc6 42. h5 bxa4 43. Rc1+ Kd6 44. Rxa4 Rb3+ 45. Kf4 Rb6 1/2-1/2

[Event "Madrid ch - Previa A"]
[Site "Madrid ESP"]
[Date "2009.11.02"]
[Round "1.5"]
[White "Stet, Nutu"]
[Black "Tipter, Napoleon"]
[Result "0-1"]
[WhiteElo "1819"]
[BlackElo "2048"]
[PlyCount "52"]
[EventDate "2009.11.02"]
[EventType "swiss"]
[EventRounds "9"]
[EventCountry "ESP"]
[Source "lmi"]
[SourceDate "2009.11.02"]

1. d4 e5 2. dxe5 Nc6 3. Nf3 Qe7 4. e3 Nxe5 5. Be2 Nf6 6. Nc3 c6 7. Qd4 Ng6 8.
h4 h5 9. Bd3 d5 10. Bxg6 fxg6 11. Qe5 Qxe5 12. Nxe5 Bf5 13. Nd3 Bd6 14. Bd2 O-O
15. O-O-O Ng4 16. Rdf1 Bxd3 17. cxd3 Nxf2 18. Kc2 Nxh1 19. Rxh1 Rf2 20. g3 Re8
21. Rg1 Rh2 22. e4 d4 23. Nb1 Rf8 24. Kb3 Rff2 25. Bc1 b5 26. a4 Rf3 0-1

[Event "Madrid ch - Previa A"]
[Site "Madrid ESP"]
[Date "2009.11.02"]
[Round "1.6"]
[White "Caceres Rodriguez, Jose J"]
[Black "Carrera Cabaneros, Francisco"]
[Result "1-0"]
[WhiteElo "1997"]
[BlackElo "1816"]
[PlyCount "91"]
[EventDate "2009.11.02"]
[EventType "swiss"]
[EventRounds "9"]
[EventCountry "ESP"]
[Source "lmi"]
[SourceDate "2009.11.02"]

1. Nf3 d5 2. d4 Nf6 3. c4 e6 4. g3 Be7 5. Bg2 O-O 6. O-O c6 7. Qc2 Nbd7 8. Rd1
Ne4 9. b3 Ndf6 10. Ne5 Nd6 11. Nd2 Nd7 12. Bb2 Qc7 13. cxd5 exd5 14. Bxd5 Nb5
15. Nxd7 Qxd7 16. Be4 g6 17. Nc4 Nd6 18. Ne5 Qe8 19. Bg2 Bf6 20. Re1 Nf5 21.
Nf3 Qd8 22. Rad1 Re8 23. e4 Ne7 24. Ne5 Bxe5 25. dxe5 Qc7 26. e6 fxe6 27. Qc3
e5 28. Qc5 Bg4 29. Bxe5 Qb6 30. Qc4+ Kf8 31. Bd4 Qc7 32. Rd3 Rad8 33. h3 Bc8
34. Rf3+ Nf5 35. Bc5+ Kg7 36. Qc3+ Qe5 37. Bxa7 Nd6 38. Qxe5+ Rxe5 39. Bd4 Rde8
40. Rd3 Nb5 41. Bxe5+ Rxe5 42. f4 Rc5 43. Red1 Rc2 44. a4 Nc3 45. R3d2 Ne2+ 46.
Kf2 1-0

[Event "Madrid ch - Previa A"]
[Site "Madrid ESP"]
[Date "2009.11.02"]
[Round "1.7"]
[White "Ortega Morales, Pedro"]
[Black "Montolio Benedicto, Cesar"]
[Result "1/2-1/2"]
[WhiteElo "1809"]
[BlackElo "1991"]
[PlyCount "73"]
[EventDate "2009.11.02"]
[EventType "swiss"]
[EventRounds "9"]
[EventCountry "ESP"]
[Source "lmi"]
[SourceDate "2009.11.02"]

1. d4 Nf6 2. Bf4 g6 3. e3 Bg7 4. Nf3 O-O 5. Be2 d6 6. h3 Nfd7 7. O-O e5 8. Bh2
exd4 9. exd4 Nc6 10. c3 Nf6 11. Nbd2 Re8 12. Bd3 Bd7 13. Re1 Rxe1+ 14. Qxe1 Qf8
15. Qf1 Re8 16. Re1 Rxe1 17. Qxe1 Qe7 18. Kf1 Kf8 19. Ne4 Nxe4 20. Qxe4 Bf5 21.
Qxe7+ Nxe7 22. Ke2 Bxd3+ 23. Kxd3 Ke8 24. Ng5 h6 25. Ne4 Nd5 26. Kc4 Nf6 27.
Nxf6+ Bxf6 28. Kd3 Kd7 29. Bf4 h5 30. Ke4 Bg7 31. g4 hxg4 32. hxg4 c6 33. d5 b5
34. dxc6+ Kxc6 35. Be3 a6 36. f4 d5+ 37. Kd3 1/2-1/2

[Event "Madrid ch - Previa A"]
[Site "Madrid ESP"]
[Date "2009.11.02"]
[Round "1.8"]
[White "Lopez Heras, Arturo"]
[Black "Corredor Gonzalez, Angel L"]
[Result "1-0"]
[WhiteElo "1979"]
[BlackElo "1806"]
[PlyCount "55"]
[EventDate "2009.11.02"]
[EventType "swiss"]
[EventRounds "9"]
[EventCountry "ESP"]
[Source "lmi"]
[SourceDate "2009.11.02"]

1. e4 e5 2. Bc4 Nf6 3. d3 c6 4. Nf3 d5 5. exd5 cxd5 6. Bb5+ Bd7 7. Bxd7+ Nbxd7
8. O-O Bd6 9. Bg5 O-O 10. Nc3 Qa5 11. Nh4 Rac8 12. Nf5 Bb4 13. Ne2 d4 14. a3
Bc5 15. b4 Qa4 16. bxc5 Rxc5 17. Ra2 Nd5 18. Ne7+ Kh8 19. Nxd5 Rxd5 20. Ng3 f6
21. Bd2 Rc8 22. Qf3 Nb6 23. Rc1 Rd7 24. h4 Nd5 25. h5 b5 26. Raa1 Rxc2 27. Rxc2
Qxc2 28. Rc1 1-0

[Event "Madrid ch - Previa A"]
[Site "Madrid ESP"]
[Date "2009.11.02"]
[Round "1.9"]
[White "Diaz Begonte, Manuel"]
[Black "Sotnikov, Taras"]
[Result "0-1"]
[WhiteElo "1793"]
[BlackElo "1971"]
[PlyCount "82"]
[EventDate "2009.11.02"]
[EventType "swiss"]
[EventRounds "9"]
[EventCountry "ESP"]
[Source "lmi"]
[SourceDate "2009.11.02"]

1. d4 f5 2. Bf4 Nf6 3. e3 g6 4. Be2 Bg7 5. h4 h6 6. h5 g5 7. Be5 d6 8. Bxf6
Bxf6 9. Nh3 e5 10. Nc3 Nc6 11. dxe5 dxe5 12. Qxd8+ Bxd8 13. O-O-O Be6 14. f3
Be7 15. Kb1 O-O 16. e4 f4 17. Nf2 Nd4 18. Bd3 Kg7 19. Nd5 Bd6 20. c3 Nc6 21. b4
Rad8 22. a3 Nb8 23. c4 c6 24. Nc3 Bc7 25. Be2 Rxd1+ 26. Rxd1 Bf7 27. Rh1 Rd8
28. Kc2 Nd7 29. Ng4 Nf8 30. Bd3 Ne6 31. Ne2 Nd4+ 32. Nxd4 Rxd4 33. Kc3 Bd6 34.
c5 Bc7 35. Nf2 b6 36. cxb6 axb6 37. Ng4 c5 38. Be2 cxb4+ 39. axb4 Bd6 40. b5
Bb4+ 41. Kc2 Rd2+ 0-1

[Event "Madrid ch - Previa A"]
[Site "Madrid ESP"]
[Date "2009.11.02"]
[Round "1.10"]
[White "Iagar, Razvan-Gabriel"]
[Black "Canseco Arenas, Alfonso"]
[Result "1-0"]
[WhiteElo "1971"]
[BlackElo "1789"]
[PlyCount "65"]
[EventDate "2009.11.02"]
[EventType "swiss"]
[EventRounds "9"]
[EventCountry "ESP"]
[Source "lmi"]
[SourceDate "2009.11.02"]

1. d4 Nf6 2. c4 c5 3. d5 g6 4. Nc3 d6 5. e4 Bg7 6. h3 a6 7. Nf3 O-O 8. Bd3 e5
9. Bg5 h6 10. Be3 Nbd7 11. Qd2 g5 12. Ng1 Nh5 13. g3 Rb8 14. h4 gxh4 15. Rxh4
Ndf6 16. Bxh6 Bd7 17. a4 Re8 18. Bg5 Qa5 19. Be2 b5 20. Bxh5 bxc4 21. Bd1 Kf8
22. Bh6 Bxh6 23. Rxh6 Ke7 24. Qg5 Kd8 25. Qxf6+ Kc8 26. Rb1 Rxb2 27. Rxb2 Qxc3+
28. Rd2 Qc1 29. Ne2 Qb1 30. Qxd6 Qxe4 31. Qxc5+ Kd8 32. Qb6+ Ke7 33. Qf6+ 1-0

[Event "Madrid ch - Previa A"]
[Site "Madrid ESP"]
[Date "2009.11.02"]
[Round "1.11"]
[White "Benitez Cadenas, Luis Miguel"]
[Black "Vukotic Jovsic, Dragan"]
[Result "0-1"]
[WhiteElo "1774"]
[BlackElo "1970"]
[PlyCount "70"]
[EventDate "2009.11.02"]
[EventType "swiss"]
[EventRounds "9"]
[EventCountry "ESP"]
[Source "lmi"]
[SourceDate "2009.11.02"]

1. d4 d5 2. c4 e6 3. Nc3 Be7 4. Nf3 Nf6 5. Bf4 c5 6. dxc5 Bxc5 7. e3 O-O 8. Bd3
Nc6 9. O-O a6 10. cxd5 Nxd5 11. Nxd5 Qxd5 12. Bc2 Rd8 13. Qxd5 exd5 14. Rac1
Bb6 15. h3 d4 16. exd4 Be6 17. b3 Nxd4 18. Nxd4 Bxd4 19. Be4 Rd7 20. Rc7 Rxc7
21. Bxc7 f5 22. Bf3 Rc8 23. Bf4 Rc2 24. Be3 Bxe3 25. fxe3 Rxa2 26. Bxb7 a5 27.
Rf4 g6 28. b4 Rb2 29. bxa5 Rxb7 30. Ra4 Kf7 31. Ra3 Ke7 32. h4 Kd6 33. g3 Rb3
34. Ra1 Rxe3 35. a6 Bd5 0-1

[Event "Madrid ch - Previa A"]
[Site "Madrid ESP"]
[Date "2009.11.02"]
[Round "1.12"]
[White "Martin Prieto, Oscar"]
[Black "Martinez Miura, Enrique"]
[Result "1-0"]
[WhiteElo "1967"]
[BlackElo "1747"]
[PlyCount "109"]
[EventDate "2009.11.02"]
[EventType "swiss"]
[EventRounds "9"]
[EventCountry "ESP"]
[Source "lmi"]
[SourceDate "2009.11.02"]

1. d4 e6 2. Nf3 Nf6 3. Bg5 Be7 4. c3 d5 5. Bxf6 Bxf6 6. Nbd2 O-O 7. e4 dxe4 8.
Nxe4 Be7 9. Qb3 Qd5 10. Qc2 Nd7 11. Bd3 h6 12. O-O c5 13. c4 Qc6 14. Ne5 Nxe5
15. dxe5 f5 16. exf6 Bxf6 17. Nxf6+ Rxf6 18. Be4 Qc7 19. Rad1 Bd7 20. Rd2 Bc6
21. Rfd1 Raf8 22. Qd3 Rf4 23. Re1 Kh8 24. Bxc6 Qxc6 25. Qc3 Re4 26. Red1 Qc7
27. Rd7 Qe5 28. Qxe5 Rxe5 29. Kf1 Rb8 30. Re7 b5 31. cxb5 Rxb5 32. b3 c4 33.
bxc4 Rb2 34. Rxa7 Ree2 35. Rf7 Rxa2 36. Rc1 Kg8 37. Rf3 e5 38. Re1 Rec2 39. g3
Rxc4 40. Rxe5 Rc1+ 41. Kg2 Ra7 42. h4 Rc8 43. h5 Rf8 44. Ref5 Rxf5 45. Rxf5 Kh7
46. f4 Ra2+ 47. Kf3 Ra3+ 48. Kg4 Ra7 49. Kh4 Ra1 50. Rf7 Kg8 51. Rb7 Rh1+ 52.
Kg4 Rh2 53. Kf5 Rxh5+ 54. Kg6 Rh3 55. Rb8# 1-0

[Event "Madrid ch - Previa A"]
[Site "Madrid ESP"]
[Date "2009.11.02"]
[Round "1.13"]
[White "Romero Jaime, Pedro"]
[Black "Baeza Escudero, Javier"]
[Result "0-1"]
[WhiteElo "1730"]
[BlackElo "1956"]
[PlyCount "54"]
[EventDate "2009.11.02"]
[EventType "swiss"]
[EventRounds "9"]
[EventCountry "ESP"]
[Source "lmi"]
[SourceDate "2009.11.02"]

1. Nf3 d5 2. b4 Nf6 3. Bb2 e6 4. a3 c5 5. b5 Bd6 6. e3 O-O 7. c4 b6 8. Be2 dxc4
9. Bxc4 Qc7 10. Bxf6 gxf6 11. Nc3 Bb7 12. Nh4 Nd7 13. Qh5 Ne5 14. Be2 Kh8 15.
f4 Ng6 16. Bd3 f5 17. Nf3 Bxf4 18. Ng5 Bxg5 19. Qxg5 f6 20. Qh5 Rad8 21. Bc2
Qe5 22. Rd1 Nf4 23. Qh6 Nxg2+ 24. Kf2 Rg8 25. Rhg1 Rg4 26. Qh5 Rxd2+ 27. Ne2
Rxe2+ 0-1

[Event "Madrid ch - Previa A"]
[Site "Madrid ESP"]
[Date "2009.11.02"]
[Round "1.14"]
[White "Tirado Parra, Alberto"]
[Black "Castro Uceda, Jose Antonio"]
[Result "1-0"]
[WhiteElo "1949"]
[BlackElo "1715"]
[PlyCount "51"]
[EventDate "2009.11.02"]
[EventType "swiss"]
[EventRounds "9"]
[EventCountry "ESP"]
[Source "lmi"]
[SourceDate "2009.11.02"]

1. d4 d5 2. Nf3 e6 3. c4 c5 4. cxd5 exd5 5. g3 Nf6 6. Bg2 Nc6 7. O-O Bd6 8. Nc3
Be6 9. Bg5 O-O 10. Bxf6 Qxf6 11. dxc5 Bxc5 12. Rc1 Bb6 13. Rc2 Rad8 14. Rd2 Ne7
15. Nd4 Kh8 16. a3 Kg8 17. b4 Bxd4 18. Rxd4 Nc6 19. Rd3 Ne5 20. Nxd5 Bxd5 21.
Rxd5 b6 22. Qa1 Rxd5 23. Bxd5 Rd8 24. Rd1 Rxd5 25. Rxd5 Nf3+ 26. Kg2 1-0

[Event "Madrid ch - Previa A"]
[Site "Madrid ESP"]
[Date "2009.11.02"]
[Round "1.15"]
[White "Hernanz Villaoslada, Javier"]
[Black "Huerta Navarro, Eusebio"]
[Result "1-0"]
[WhiteElo "1705"]
[BlackElo "1948"]
[PlyCount "47"]
[EventDate "2009.11.02"]
[EventType "swiss"]
[EventRounds "9"]
[EventCountry "ESP"]
[Source "lmi"]
[SourceDate "2009.11.02"]

1. d4 d5 2. c4 e6 3. Nc3 Nf6 4. Bg5 Nbd7 5. Nf3 c6 6. e3 Bd6 7. cxd5 exd5 8.
Bd3 Nf8 9. e4 dxe4 10. Nxe4 Bb4+ 11. Nc3 Qe7+ 12. Ne5 Ne6 13. Be3 Nd5 14. Qc2
Nxd4 15. Bxd4 f6 16. O-O fxe5 17. Rae1 Bd6 18. f4 Bc5 19. Bxc5 Qxc5+ 20. Kh1
Ne3 21. Qf2 exf4 22. Qxf4 Rf8 23. Rxe3+ Kd7 24. Bf5+ 1-0

[Event "Madrid ch - Previa A"]
[Site "Madrid ESP"]
[Date "2009.11.02"]
[Round "1.16"]
[White "Osorio Ramos, Francisco"]
[Black "Barragan Panal, Juan Jose"]
[Result "1/2-1/2"]
[WhiteElo "1946"]
[BlackElo "1687"]
[PlyCount "39"]
[EventDate "2009.11.02"]
[EventType "swiss"]
[EventRounds "9"]
[EventCountry "ESP"]
[Source "lmi"]
[SourceDate "2009.11.02"]

1. Nf3 Nf6 2. c4 e6 3. d4 b6 4. g3 Bb7 5. Bg2 Bb4+ 6. Bd2 Bxd2+ 7. Nbxd2 O-O 8.
O-O d6 9. Qc2 Nbd7 10. Rfe1 Re8 11. e4 e5 12. d5 c6 13. Bh3 Rc8 14. Qd1 cxd5
15. exd5 Rc7 16. b3 Bc8 17. Bg2 Nc5 18. h3 Bf5 19. Re3 Qc8 20. Kh2 1/2-1/2

[Event "Madrid ch - Previa A"]
[Site "Madrid ESP"]
[Date "2009.11.02"]
[Round "1.17"]
[White "Poblador Dieguez, Alfredo"]
[Black "Fernandez Aransay, Fernando"]
[Result "1/2-1/2"]
[WhiteElo "1661"]
[BlackElo "1937"]
[PlyCount "72"]
[EventDate "2009.11.02"]
[EventType "swiss"]
[EventRounds "9"]
[EventCountry "ESP"]
[Source "lmi"]
[SourceDate "2009.11.02"]

1. c4 Nf6 2. b3 e6 3. Bb2 b6 4. Nf3 Bb7 5. e3 c5 6. Be2 d5 7. cxd5 exd5 8. d4
Nbd7 9. O-O Be7 10. Ne5 O-O 11. Nxd7 Qxd7 12. Nd2 Rfd8 13. Rc1 Rac8 14. dxc5
Rxc5 15. Bd4 Rc7 16. Nf3 Ne4 17. Ne5 Qd6 18. Bh5 g6 19. Be2 Rdc8 20. Rxc7 Qxc7
21. Nf3 Nc3 22. Bxc3 Qxc3 23. Nd4 a6 24. Qa1 Bf6 25. Qxc3 Rxc3 26. Ra1 Be5 27.
g3 Rc7 28. Kf1 h5 29. h4 b5 30. Ke1 Kf8 31. Kd2 Bc8 32. Rc1 Ke8 33. Rxc7 Bxc7
34. Kc3 Ba5+ 35. b4 Bc7 36. Kb3 Ke7 1/2-1/2

[Event "Madrid ch - Previa A"]
[Site "Madrid ESP"]
[Date "2009.11.02"]
[Round "1.18"]
[White "Perez Cameselle, Francisco"]
[Black "Benito Mellado, Humberto"]
[Result "1-0"]
[WhiteElo "1930"]
[BlackElo "1636"]
[PlyCount "61"]
[EventDate "2009.11.02"]
[EventType "swiss"]
[EventRounds "9"]
[EventCountry "ESP"]
[Source "lmi"]
[SourceDate "2009.11.02"]

1. Nf3 d5 2. b3 Nc6 3. Bb2 Bf5 4. e3 Nf6 5. Bb5 a6 6. Bxc6+ bxc6 7. O-O Nd7 8.
d3 c5 9. c4 c6 10. Qe2 f6 11. e4 dxe4 12. dxe4 Bg4 13. h3 Bh5 14. g4 Bg6 15. e5
fxe5 16. Nxe5 Nxe5 17. Qxe5 h5 18. Re1 hxg4 19. hxg4 Qd7 20. Qe6 Bf7 21. Qxd7+
Kxd7 22. Nc3 Rh4 23. f3 Rd8 24. Rad1+ Kc7 25. Rxd8 Kxd8 26. Ne4 e6 27. Ba3 g6
28. Ng5 Ke8 29. Nxe6 Bd6 30. Nxc5+ Be7 31. Nd3 1-0

[Event "Madrid ch - Previa A"]
[Site "Madrid ESP"]
[Date "2009.11.02"]
[Round "1.19"]
[White "Marcelo De La Mata, Daniel"]
[Black "Camarero Izquierdo, Juan Carlos"]
[Result "0-1"]
[WhiteElo "1632"]
[BlackElo "1930"]
[PlyCount "91"]
[EventDate "2009.11.02"]
[EventType "swiss"]
[EventRounds "9"]
[EventCountry "ESP"]
[Source "lmi"]
[SourceDate "2009.11.02"]

1. e4 c5 2. d3 d6 3. g3 g6 4. Bg2 Bg7 5. f4 Nf6 6. Nf3 Qb6 7. Nc3 Nc6 8. O-O
Ng4 9. Nd5 Qd8 10. h3 Nf6 11. Ne3 O-O 12. c3 Qc7 13. Kh2 b5 14. e5 dxe5 15.
Nxe5 Bb7 16. Qf3 Na5 17. Qe2 Bxg2 18. Qxg2 Rad8 19. Rb1 e6 20. b4 cxb4 21. cxb4
Nb7 22. Bb2 Nd5 23. Nxd5 Rxd5 24. Rbc1 Qb6 25. Ng4 f5 26. Bxg7 Kxg7 27. Qb2+
Qd4 28. Rc7+ Rf7 29. Rxf7+ Kxf7 30. Ne5+ Kf6 31. Qxd4 Rxd4 32. Rc1 g5 33. Nf3
Rxd3 34. fxg5+ Kg7 35. Rc7+ Kg8 36. Rxb7 Rxf3 37. Rxa7 e5 38. Kg2 e4 39. h4 Rc3
40. Kf2 Rc2+ 41. Ke3 Rc4 42. a3 Rc8 43. h5 Rd8 44. Kf4 Re8 45. Ke3 h6 46. Kf4
0-1

[Event "Madrid ch - Previa A"]
[Site "Madrid ESP"]
[Date "2009.11.02"]
[Round "1.20"]
[White "Lozano Sanchez, Jose Antonio"]
[Black "Cortijo Manso, Luis"]
[Result "1-0"]
[WhiteElo "1912"]
[BlackElo "1628"]
[PlyCount "139"]
[EventDate "2009.11.02"]
[EventType "swiss"]
[EventRounds "9"]
[EventCountry "ESP"]
[Source "lmi"]
[SourceDate "2009.11.02"]

1. e4 c5 2. Nf3 d6 3. Bc4 Nc6 4. Nc3 e6 5. d3 Nge7 6. O-O g6 7. h3 Bg7 8. Bf4
a6 9. a4 O-O 10. Qd2 d5 11. exd5 exd5 12. Bb3 d4 13. Ne4 b6 14. Nd6 Be6 15.
Bxe6 fxe6 16. Nc4 Nd5 17. Bg3 Re8 18. Rfe1 b5 19. axb5 axb5 20. Rxa8 Qxa8 21.
Nd6 Re7 22. Nxb5 Qb7 23. c4 dxc3 24. Nxc3 Qb4 25. Nxd5 exd5 26. Rxe7 Nxe7 27.
Bd6 Qxd2 28. Nxd2 Nf5 29. Bxc5 Bxb2 30. Nf3 Ng7 31. Kf1 Ne6 32. Bd6 Kf7 33. Ke2
Kf6 34. Kd2 h5 35. g3 Ba1 36. Bb4 Kf5 37. Bc3 Bxc3+ 38. Kxc3 Nc7 39. Kd4 Ke6
40. Kc5 Na6+ 41. Kb5 Nc7+ 42. Kb6 Ne8 43. Kc6 Nf6 44. Kc5 Nd7+ 45. Kd4 Nf6 46.
Ne1 g5 47. Nc2 Kd6 48. Ne3 Ke6 49. f3 Kd6 50. g4 h4 51. Nf5+ Ke6 52. Ng7+ Kd6
53. Nh5 Nd7 54. f4 gxf4 55. Nxf4 Ne5 56. Nxd5 Nf3+ 57. Ke3 Ng5 58. Nf4 Nh7 59.
Ke4 Ng5+ 60. Kf5 Nf3 61. g5 Ke7 62. Kg4 Ne5+ 63. Kxh4 Kf7 64. Kh5 Kg8 65. d4
Nf7 66. g6 Nd6 67. Kg5 Ne4+ 68. Kf5 Ng3+ 69. Ke6 Kg7 70. h4 1-0

[Event "Madrid ch - Previa A"]
[Site "Madrid ESP"]
[Date "2009.11.02"]
[Round "1.21"]
[White "Perez Herrero, Angel"]
[Black "Garcia Gonzalez, Pedro A"]
[Result "1/2-1/2"]
[WhiteElo "1627"]
[BlackElo "1911"]
[PlyCount "97"]
[EventDate "2009.11.02"]
[EventType "swiss"]
[EventRounds "9"]
[EventCountry "ESP"]
[Source "lmi"]
[SourceDate "2009.11.02"]

1. e4 e5 2. Nf3 Nc6 3. d4 exd4 4. Bc4 Nf6 5. Nxd4 d6 6. Nxc6 bxc6 7. e5 Ne4 8.
Bxf7+ Kxf7 9. Qf3+ Kg8 10. Qxe4 d5 11. Qe2 Be6 12. O-O Qd7 13. Bf4 h6 14. Nd2
Be7 15. Bg3 Rf8 16. Qd3 Bf5 17. Qe2 Kh7 18. Nf3 Bg4 19. Rae1 Qf5 20. e6 Rf6 21.
Qd3 Qxd3 22. cxd3 Bxf3 23. gxf3 Rxf3 24. Re3 Rhf8 25. Kg2 Rxe3 26. fxe3 Rxf1
27. Kxf1 Kg6 28. Be5 Bf6 29. Bxc7 Kf5 30. e4+ dxe4 31. dxe4+ Kxe6 32. b3 Be5
33. Ba5 Bxh2 34. Kg2 Be5 35. Kf3 g5 36. Kg4 Bf4 37. Bc3 Be5 38. Bb4 Bd4 39. Bf8
Ke5 40. Bxh6 Kxe4 41. Bxg5 Kd3 42. Kf5 Kc2 43. Ke6 Kb2 44. b4 Bc3 45. Kd6 Bxb4+
46. Kxc6 Kxa2 47. Kb5 Kb3 48. Ka6 Bc5 49. Bf4 1/2-1/2

[Event "Madrid ch - Previa A"]
[Site "Madrid ESP"]
[Date "2009.11.02"]
[Round "1.22"]
[White "Fernandez Garcia, Ignacio"]
[Black "Perez Romana, David"]
[Result "1-0"]
[WhiteElo "1895"]
[BlackElo "1579"]
[PlyCount "53"]
[EventDate "2009.11.02"]
[EventType "swiss"]
[EventRounds "9"]
[EventCountry "ESP"]
[Source "lmi"]
[SourceDate "2009.11.02"]

1. e4 e6 2. d4 d5 3. Nd2 c5 4. exd5 Qxd5 5. Ngf3 Nf6 6. Bc4 Qd8 7. O-O cxd4 8.
Nb3 Be7 9. Nbxd4 O-O 10. Bd3 e5 11. Nxe5 Bd6 12. Re1 Bxe5 13. Rxe5 Bg4 14. Nf3
Nc6 15. Rg5 h6 16. Rc5 Re8 17. Be3 Nd4 18. Bxd4 Bxf3 19. gxf3 Qd6 20. Rc4 Rad8
21. Be3 b5 22. Rd4 Qb8 23. Rxd8 Rxd8 24. Kh1 Qb7 25. Qe2 b4 26. Rd1 a5 27. Bh7+
1-0

[Event "Madrid ch - Previa A"]
[Site "Madrid ESP"]
[Date "2009.11.02"]
[Round "1.23"]
[White "Andres Cavero, Mariano"]
[Black "Martin-Consuegra Barrilero, Francisco Javier"]
[Result "0-1"]
[WhiteElo "1555"]
[BlackElo "1891"]
[PlyCount "66"]
[EventDate "2009.11.02"]
[EventType "swiss"]
[EventRounds "9"]
[EventCountry "ESP"]
[Source "lmi"]
[SourceDate "2009.11.02"]

1. c4 c6 2. Nc3 Nf6 3. d4 d5 4. e3 a6 5. a4 e6 6. Nf3 c5 7. Be2 Be7 8. Qc2 Nc6
9. O-O cxd4 10. Nxd4 Nxd4 11. exd4 Qc7 12. c5 b6 13. b4 bxc5 14. bxc5 O-O 15.
f4 g6 16. Rf3 Rb8 17. Rb1 Rxb1 18. Qxb1 Bd8 19. Rg3 Qc6 20. Bf3 Ne8 21. f5 Ng7
22. fxg6 fxg6 23. Bh6 Bf6 24. Bxg7 Kxg7 25. Qd1 Qb7 26. Qd3 Qb4 27. Rg4 e5 28.
dxe5 Bxg4 29. exf6+ Rxf6 30. Bxg4 d4 31. Bf3 dxc3 32. c6 c2 33. Qxc2 Qe1# 0-1

[Event "Madrid ch - Previa A"]
[Site "Madrid ESP"]
[Date "2009.11.03"]
[Round "2.2"]
[White "Tipter, Napoleon"]
[Black "Perez Cameselle, Francisco"]
[Result "1-0"]
[WhiteElo "2048"]
[BlackElo "1930"]
[PlyCount "91"]
[EventDate "2009.11.02"]
[EventType "swiss"]
[EventRounds "9"]
[EventCountry "ESP"]
[Source "lmi"]
[SourceDate "2009.11.02"]

1. e4 e6 2. d4 d5 3. Nc3 Nf6 4. Bg5 dxe4 5. Nxe4 Be7 6. Bxf6 Bxf6 7. Nf3 Nd7 8.
Bd3 b6 9. Bb5 O-O 10. Bc6 Rb8 11. Qd3 Bb7 12. Bxb7 Rxb7 13. O-O-O c5 14. d5
exd5 15. Qxd5 Rc7 16. h4 Qe7 17. Rhe1 Qe6 18. Qxe6 fxe6 19. Nxf6+ Rxf6 20. Rd6
e5 21. Rd5 Rf4 22. Re2 h6 23. Red2 e4 24. Rxd7 Rxd7 25. Rxd7 exf3 26. g3 Re4
27. Kd1 Re2 28. Rd2 Re7 29. Rd3 Rf7 30. Kd2 g5 31. hxg5 hxg5 32. Rd5 g4 33.
Rg5+ Kh7 34. Rxg4 Re7 35. Rf4 Re2+ 36. Kd1 Rxf2 37. Rf7+ Kg6 38. Rxa7 Re2 39.
Ra3 Kg5 40. Rxf3 Rg2 41. Rb3 Kg4 42. Rxb6 Rg1+ 43. Kd2 Rg2+ 44. Kd3 Rxg3+ 45.
Kc4 Kf5 46. Kxc5 1-0